Minority Languages of China - Statistics

General Stats
  • This quiz has been taken 71 times
  • The average score is 4 of 6
Answer Stats
Language % Correct
Mongolian
93%
Uyghur
92%
Tibetan
83%
Korean
70%
Kazakh
52%
Zhuang
38%
No matching quizzes found
Score Distribution
Percent of People with Each Score
Percentile by Number Answered
Your Score History
You have not taken this quiz